000 00317nam a22001457a 4500
008 221111b ||||| |||| 00| 0 eng d
020 _a0064300498
041 _aeng
080 _a7
082 _a7 PAN
100 _a21.1
101 _aART
245 _aIDEA A CONCEPT IN ART THEORY
_cPANOFSKY E
942 _2udc
_cBK
999 _c58870
_d58870